000 00826nam a2200253Ia 4500
003 OSt
005 20220923211042.0
006 a|||||r|||| 00| 0
007 ta
008 Pun
020 _a8173805512 (hbk)
_c250
024 _a284,626
037 _b931, 27/03/2015, H.K. Prakashan
_cTextual
040 _aARTS
_cARTS
_bPun
041 _2Pun
_aPun
082 _aO153,3wk, N9.1
100 _aਧਨਵੰਤ ਕੌਰ
_9157643
245 0 _aਪੰਜਾਬੀ ਨਾਵਲਕਾਰ ਸੰਦਰਭ ਕੋF
260 _aਪਟਿਆਲਾ
_b ਪੰਜਾਬੀ ਯੂਨੀਵਰਸਿਟੀ
_c1999
300 _a286ਪੰ
_ccm.
650 _aਪੰਜਾਬੀ ਸਾਹਿਤ
942 _hO153,3wk, N9.1
_cTEXL
_2CC
999 _c294536
_d294536